| 000 | 00408nam a2200157Ia 4500 | ||
|---|---|---|---|
| 008 | 210716s2013 xx 000 0 und d | ||
| 020 | _a9788131519417 | ||
| 041 | _aeng | ||
| 082 | _a658.1511 HAND | ||
| 100 | _aHansen, Don R; Mowen, Maryanne M. | ||
| 245 | _aManagerial accounting. | ||
| 250 | _a8 | ||
| 260 |
_aNew Delhi _bCengage Learning _c2013 |
||
| 300 | _axix,874 | ||
| 650 | _aFinancial Accounting | ||
| 999 |
_c208409 _d208409 |
||